000 01052nam a2200229Ia 4500
001 L200-53033
003 IT-CnALBA
008 170116s9999||||xx |||||||||||||| ||und||
040 _aIT-CnALBA
_cIT-CnALBA
041 _aITALIANO
100 _aSCHUNGEL-STRAUMAN HELEN
245 0 _aDECALOGO E COMANDAMENTI DI DIO.
250 _a1a ed.
260 _a BRESCIA
_bPAIDEIA EDITRICE
_c1977 [1° Ed.:1977 - Ed.Ling.Originale: 1973]
300 _a156 p.
500 _aCURATORE MONTAGNINI F. STUDI BIBLICI. SUL DECALOGO. TRADIZIONE E ORIGINI DEI DECALOGHI. CONFORMAZIONE DELLE NORME E MOTIVAZIONI DEI SINGOLI COMANDAMENTI. DECALOGO E FEDE IN DIO.
501 _aSocietà San Paolo EM - Piazza San Paolo, 14 - 12051 ALBA (CN) (non commercial uses only) ® Copyright 2017
520 _aCURATORE MONTAGNINI F. STUDI BIBLICI. SUL DECALOGO. TRADIZIONE E ORIGINI DEI DECALOGHI. CONFORMAZIONE DELLE NORME E MOTIVAZIONI DEI SINGOLI COMANDAMENTI. DECALOGO E FEDE IN DIO.
650 _aRELIGIONE - RELIGIONE CRISTIANA
942 _cBK
957 _71
999 _a70523
_bNO
_g Copie: 1
_c311917
_d311917